Statistics for Most popular numbers top 10

Click here to take the quiz!

General Stats

  • This quiz has been taken 15 times
  • The average score is 10 of 10

Answer Stats

HintAnswer% Correct
39-2811
100%
after 1 is2
100%
age of someone born in 20193
100%
9 upside down6
100%
Lucky Number7
100%
6 upside down9
100%
Unlucky Number13
93%
Amount of limbs you have4
93%
%5
86%
infinity8
86%

Score Distribution

Percentile by Number Answered

Percent of People with Each Score

Your Score History

You have not taken this quiz